000 00503nam a22001577a 4500
082 _a621.11
_bSAL
100 _aSalal, Ahmad (362944)
_9132320
245 _aTechno-Economic Challenges and Policy Implications of High Solar PV Penetration in Pakistan /
264 _aIslamabad :
_bUSPCAS-E, NUST
_cAugust, 2025
300 _axiii, 41 p.
_e+CD
520 _aTH-650
650 _aMS ESE Thesis
650 _aMS Thesis
_918721
700 _aSupervisor : Dr. abeera Ayaz Ansari
_9117653
942 _2ddc
_cTHE
999 _c615541
_d615541